ARRUPE JESUIT UNIVERSITY

CORONAVIRUS -STOP THE SPREAD - CLEAN,DISINFECT,COVER

The Causes of world hunger / (Record no. 128830)

MARC details
000 -LEADER
fixed length control field 00837cam a2200253 a 4500
001 - CONTROL NUMBER
control field 2334257
003 - CONTROL NUMBER IDENTIFIER
control field ARRUPE
005 - DATE AND TIME OF LATEST TRANSACTION
control field 20190129083854.0
008 - FIXED-LENGTH DATA ELEMENTS--GENERAL INFORMATION
fixed length control field 830218s1982 nyu b 000 0 eng
010 ## - LIBRARY OF CONGRESS CONTROL NUMBER
LC control number 82060591
020 ## - INTERNATIONAL STANDARD BOOK NUMBER
International Standard Book Number 0809124831 (pbk.) :
Terms of availability $8.95
040 ## - CATALOGING SOURCE
Original cataloging agency DLC
Transcribing agency DLC
Modifying agency DLC
-- OCoLC
-- DLC
050 00 - LIBRARY OF CONGRESS CALL NUMBER
Classification number HV696.F6
Item number C38 1982
082 00 - DEWEY DECIMAL CLASSIFICATION NUMBER
Classification number 363.8/1
Edition number 19
300 ## - PHYSICAL DESCRIPTION
Dimensions 22 cm.
245 04 - TITLE STATEMENT
Title The Causes of world hunger /
Statement of responsibility, etc edited by William Byron.
260 ## - PUBLICATION, DISTRIBUTION, ETC. (IMPRINT)
Place of publication, distribution, etc New York :
Name of publisher, distributor, etc Paulist Press,
Date of publication, distribution, etc c1982.
300 ## - PHYSICAL DESCRIPTION
Extent vi, 256 p. ;
500 ## - GENERAL NOTE
General note "A Bread for the World book"--P. 4 of cover.
504 ## - BIBLIOGRAPHY, ETC. NOTE
Bibliography, etc Includes bibliographical references.
650 #0 - SUBJECT ADDED ENTRY--TOPICAL TERM
Topical term or geographic name as entry element Food relief.
9 (RLIN) 44197
650 #0 - SUBJECT ADDED ENTRY--TOPICAL TERM
Topical term or geographic name as entry element Hunger.
9 (RLIN) 11026
700 1# - ADDED ENTRY--PERSONAL NAME
Personal name Byron, William J.,
Dates associated with a name 1927-
9 (RLIN) 44198
906 ## - LOCAL DATA ELEMENT F, LDF (RLIN)
a 7
b cbc
c orignew
d 2
e opcn
f 19
g y-gencatlg
942 ## - ADDED ENTRY ELEMENTS (KOHA)
Source of classification or shelving scheme Library of Congress Classification
Koha item type Monograph ( Printed materials)
Holdings
Withdrawn status Lost status Source of classification or shelving scheme Damaged status Not for loan Collection code Home library Current library Shelving location Date acquired Total Checkouts Full call number Barcode Date last seen Price effective from Koha item type
    Library of Congress Classification     Main Collection ARRUPE LIBRARY ARRUPE LIBRARY Main Collection 29/01/2019   HV696.F6 C38 1982 46600003475 29/01/2019 29/01/2019 Monograph ( Printed materials)

 

Arrupe Library. PO Box MP320 Mt Pleasant, Harare, Zimbabwe
263 242 745411|librarian@aju.ac.zw